000 nam a22 7a 4500
999 _c7619
_d7619
008 170922b xxu||||| |||| 00| 0 eng d
100 _94122
_aROWLING.J.K
245 _aHARRY POTTER
260 _aNEW DELHI
_bBLOOMSBURY
_c2014